000
00233nam a2200097Ia 4500
008
220204s9999 xx 000 0 und d
100
_a
Jacob, C K
245
0
_a
Folk tales of Kerala
260
_a
New Delhi
_b
Sterling
_c
1977
942
_c
BK
999
_c
32489
_d
32489